| 000 | 00485nam a22001937a 4500 | ||
|---|---|---|---|
| 003 | LK-CoDNM | ||
| 005 | 20250103112532.0 | ||
| 008 | 250103b |||||||| |||| 00| 0 eng d | ||
| 040 |
_aLK-CoDNM _dLK-CoDNM _eLK-CoDNM |
||
| 041 | _aeng | ||
| 080 |
_a3 _bW21 |
||
| 100 | _aealand c.a | ||
| 245 | _aInsect life | ||
| 260 |
_aa & c black ltd _bsoho square london w _c1921 |
||
| 300 | _axi, 320p. : ill . map ; 27 cm | ||
| 650 | _ascience | ||
| 650 | _aanimal | ||
| 942 | _cBK | ||
| 999 |
_c234751 _d234751 |
||